| 000 | 00906cam a22002891 4500 | ||
|---|---|---|---|
| 001 | 26537 | ||
| 003 | BD-RjUL | ||
| 005 | 20211209051030.0 | ||
| 008 | 140322s1933 ii 000 0 eng | ||
| 035 | _a(BD-RjUL)26607 | ||
| 040 |
_aDLC _cDLC _dDLC _beng |
||
| 041 | _aeng | ||
| 082 |
_a954.08 _bMAR 1933 |
||
| 100 | 1 |
_aAnand, Mulk Raj, _d1905-2004. _956318 |
|
| 245 | 1 | 0 |
_aMarx and Engels on India : _bwith appendices / _cEdited with a preface by Mulk Raj Anand. |
| 260 |
_aAllahabad, _bSocialist Book Club _c[1933?] |
||
| 300 |
_a154 p. ; _c19 cm. |
||
| 490 | 0 |
_aS.B.C. publication _vno. 4 |
|
| 500 | _aCover title. | ||
| 651 | 0 |
_aIndia _xEconomic conditions. _981622 |
|
| 651 | 0 |
_aIndia _xPolitics and government _y1765-1947. _981623 |
|
| 700 | 1 |
_aMarx, Karl, _d1818-1883. _96434 |
|
| 700 | 1 |
_aEngels, Friedrich, _d1820-1895. _98883 |
|
| 942 |
_2ddc _cBK |
||
| 999 |
_c26537 _d26537 |
||